000 00768nam a22001337a 4500
999 _c531398
_d531398
008 250826b ||||| |||| 00| 0 eng d
100 _aNag, Rajat M.
_956388
245 _aImportance of Institutions for good governance: From here to Denmark
260 _aThe Journal of Governance
300 _a30, Jul, 2025: p. 14-25
520 _a Nether neither ‘here’ nor ‘Denmark refer to any actual places themselves. ‘Here is hypothetical construct of a place where governance is poor, the rule of law is not respected, and justice is delayed and often demined. People ‘here’ suffer from serious ‘unfreedoms’, a la Sen. lack of freedom from want, from violence, from injustice. – Reproduced
773 _aThe Journal of Governance
942 _cAR